Statistics for U.S. State Capitals with the Highest Elevation

Click here to take the quiz!

General Stats

  • This quiz has been taken 5,547 times
    (4,344 since last reset)
  • The average score is 6 of 10

Answer Stats

m capital ft % Correct
1609Denver5280
97%
1288Salt Lake City4226
78%
832Boise2730
74%
1181Helena3875
70%
1848Cheyenne6062
68%
2213Santa Fe7260
62%
1464Carson City4802
58%
514Bismarck1686
54%
443Pierre1453
52%
366Oklahoma City1201
34%

Score Distribution

Percentile by Number Answered

Percent of People with Each Score

Your Score History

You have not taken this quiz since the last reset